• 首页
  • 本馆介绍
  • 公告通知
  • 最新文献
  • 馆藏检索
  • 电子资源
  • 读者导购
  • 参考咨询
  • 我的图书馆
  • 登录
  • 详细信息显示
  • 放入我的书架
  • 预约/预借图书
  • 作者相关作品
  • 分类相关作品
  • 丛书相关作品
  • 出版社相关作品

书目信息

  • 表格格式
  • 工作单格式
  • 卡片格式
题名:
告密
    
 
作者: 唐毅南 , 压力山德拉·纳塔柏夫 著
分册:  
出版信息: 上海   上海人民出版社  2020
页数: 260页
开本: 24cm
丛书名:
单 册:
中图分类: F830 , D971.2
科图分类:
主题词: 金融衍生产品--定价--研究 , 金融危机--预警系统--研究 , 法律
电子资源:
ISBN: 978-7-208-16674-5
000 00839nam0 2200265 450
001 2138675409
005 20210104104650.00
010    @a978-7-208-16674-5@dCNY 75.00
100    @a20200728d2020 em y0chiy0110 ea
101 0  @achi
102    @aCN@b310000
105    @ay z 000yy
200 1  @a告密@Agao mi@9fu za jin rong xue@e美国司法黑洞@f压力山德拉·纳塔柏夫著@Fya li shan de la·na ta bai fu zhu
210    @a上海@c上海人民出版社@d2020
215    @a260页@d24cm
517 1  @a美国司法黑洞@Amei guo si fa hei dong
606 0  @a金融衍生产品@x定价@x研究
606 0  @a金融危机@x预警系统@x研究
606 0  @a法律
690    @aF830@v5
690    @aD971.2@v4
701  0 @a唐毅南@9tang yi nan@4著
701  0 @a压力山德拉·纳塔柏夫@Aya li shan de la·na ta bai fu@4著
801  2 @aCN@b58marc.cn@c20200728
905    @aMUSE@dD971.2@e7
    
    告密:美国司法黑洞/压力山德拉·纳塔柏夫著.-上海:上海人民出版社,2020
    260页;24cm
    
    
    ISBN 978-7-208-16674-5:CNY 75.00
    
●
相关链接 在五车中查询图书 在当当中查询图书 在豆瓣中查询图书


正题名:告密     索取号:D971.2/7         预约/预借

序号 登录号 条形码 馆藏地/架位号 状态 备注
1 2000878172   2000878172   第二书库/ [索取号:D971.2/7] 在馆    
2 2000878173   2000878173   第二书库/ [索取号:D971.2/7] 在馆    
3 2000878174   2000878174   第二书库/ [索取号:D971.2/7] 在馆    
山东省滨州职业学院图书馆 欢迎您!
大连网信软件有限公司© 版权所有